000 01659nam0a2200361 4500
001 RU\NLR\BIBL_A\010531332
005 201507130504
010 _a978-5-89176-518-4
_91000
021 _aRU
_b2014-68193
_94179
035 _a(NLR Aleph) 010531332
035 _a(NILC)RuMoRGB-007550542
090 _a10258302
_c10258302
100 _a20141114d2013 k y0rusy50 ca
101 0 _arus
102 _aRU
105 _aa|||z|||001yy
200 1 _aРадиотехнические системы контроля СВЧ диэлектриков
_eмонография
_f[Лобанов Б.С., Лучников П.А., Трефилов Д.Н. и др.]
_gпод ред. акад. РАН А.С. Сигова
210 _aМосква
_cНаучный мир
_d2013
215 _a183 с.
_cил.
_d20
300 _aАвт. указаны на обороте тит. л.
320 _aБиблиогр.: с. 169-180 (75 назв.)
606 1 _aДиэлектрики
_xДиэлектрическая проницаемость
_xИзмерение
_xАппараты и приборы
_2nlr_sh2
_3RU\NLR\AUTH\6601575452
686 1 _aЗ843.4-1-7
701 1 _aЛобанов
_bБ. С.
_f1942-
_gБорис Семенович
701 1 _aЛучников
_bП. А.
_gПетр Александрович
701 1 _aТрефилов
_bД. Н.
_gДмитрий Николаевич
702 1 _aСигов
_bА. С.
_f1945-
_gАлександр Сергеевич
_4340
801 0 _aRU
_bРГБ
_c20140911
_gRCR
942 _cBOOK
980 _aNBR
980 _aNB